| 000 -CABECERA |
| Longitud fija campo de control |
01772nam a2200397 a 4500 |
| 003 - IDENTIFICADOR DEL NÚMERO DE CONTROL |
| Identificador del número de control |
OSt |
| 005 - FECHA Y HORA DE LA ÚLTIMA TRANSACCIÓN |
| Fecha y hora de la última transacción |
20211228113308.0 |
| 007 - CAMPO FIJO DE DESCRIPCIÓN FÍSICA |
| Campo fijo de descripción f&íacute;sica |
co ||||||||||| |
| 008 - CÓDIGOS DE INFORMACIÓN DE LONGITUD FIJA |
| Códigos de información de longitud fija |
120305s2011 spc|||| s|||| 0|0 0 cat| |
| 015 ## - NÚMERO DE BIBLIOGRAFÍA NACIONAL |
| Número de bibliografía nacional |
LL2012 |
| Fuente |
bnc |
| 017 ## - NÚMERO DE COPYRIGHT O DE DEPÓSITO LEGAL |
| Número de copyright o de depósito legal |
DL B. 38904-2011 |
| Agencia que asigna el número |
Biblioteca de Catalunya |
| 035 ## - NÚMERO DE CONTROL DEL SISTEMA |
| Número de control del sistema |
(ES-BaCBU).b52451719 |
| 040 ## - FUENTE DE LA CATALOGACIÓN |
| Centro catalogador de origen |
ES-BaBC |
| Lengua de catalogación |
cat |
| Centro transcriptor |
CDMR |
| 041 ## - CÓDIGO DE LENGUA |
| Código de lengua del texto/banda sonora o título independiente |
cat |
| -- |
spa |
| -- |
eng |
| 080 ## - NÚMERO DE LA CLASIFICACIÓN DECIMAL UNIVERSAL |
| Número de la Clasificación Decimal Universal |
654.17-053.2(063.1) |
| 111 2# - PUNTO DE ACCESO PRINCIPAL-NOMBRE DE CONGRESO |
| Nombre de congreso o jurisdicción como elemento de entrada |
Fòrum Mundial de la Televisió Infantil |
| Número del congreso o número de parte o sección de la obra |
(13è : |
| Fecha del congreso |
2009 : |
| Sede del congreso |
Barcelona, Catalunya) |
| 245 04 - MENCIÓN DE TÍTULO |
| Título |
Llibre del Fòrum Mundial de la TV Infantil : |
| Resto del título |
Ponències 2009 |
| Medio |
[Recurs electrònic] / |
| Mención de responsabilidad, etc. |
Observatori Europeu de la Televisió Infantil |
| 260 ## - PUBLICACIÓN, DISTRIBUCIÓN, ETC. (PIE DE IMPRENTA) |
| Lugar de publicación, distribución, etc. |
Barcelona : |
| Nombre del editor, distribuidor, etc. |
OETI. Observatori Europeu de la Televisió Infantil : |
| -- |
Comissionat de les Arts Audiovisuals de Barcelona, |
| Fecha de publicación, distribución, etc. |
2010 |
| 300 ## - DESCRIPCIÓN FÍSICA |
| Extensión |
1 disc òptic (CD-ROM) ; |
| Dimensiones |
12 cm |
| 500 ## - NOTA GENERAL |
| Nota general |
Textos en català, castellà i anglès |
| 505 ## - NOTA DE CONTENIDO CON FORMATO |
| Nota de contenido con formato |
Conté: “Videojocs a les pantalles: juguem?!” i "Els Treballs del Naos nº 12 : les Cultures pedagògiques de la comunicació" |
| 650 #7 - PUNTO DE ACCESO ADICIONAL DE MATERIA - TÉRMINO DE MATERIA |
| Término de materia o nombre geográfico como elemento inicial |
Televisió i infants |
| Subdivisión de materia general |
Congressos. |
| Fuente del encabezamiento o término |
lemac |
| 650 #7 - PUNTO DE ACCESO ADICIONAL DE MATERIA - TÉRMINO DE MATERIA |
| Término de materia o nombre geográfico como elemento inicial |
Televisió i joves |
| Subdivisión de materia general |
Congressos. |
| Fuente del encabezamiento o término |
lemac |
| 710 2# - PUNTO DE ACCESO ADICIONAL - NOMBRE DE ENTIDAD |
| Nombre de entidad o nombre de jurisdicción como elemento inicial |
Observatori Europeu de la Televisió Infantil |
| 9 (RLIN) |
3893 |
| 710 2# - PUNTO DE ACCESO ADICIONAL - NOMBRE DE ENTIDAD |
| Nombre de entidad o nombre de jurisdicción como elemento inicial |
Comissionat de les Arts Audiovisuals de Barcelona |
| 711 2# - PUNTO DE ACCESO ADICIONAL - NOMBRE DE CONGRESO |
| Nombre de congreso o nombre de jurisdicción como elemento inicial |
Jornades de l'Observatori |
| Fecha del congreso |
(2009 : |
| Sede del congreso |
Barcelona, Catalunya) |
| 740 4# - PUNTO DE ACCESO ADICIONAL - TÍTULO RELACIONADO O ANALÍTICO NO CONTROLADO |
| Título relacionado o analítico no controlado |
Las Culturas pedagógicas de la comunicación |
| 740 4# - PUNTO DE ACCESO ADICIONAL - TÍTULO RELACIONADO O ANALÍTICO NO CONTROLADO |
| Título relacionado o analítico no controlado |
The Pedagogics cultures of the communication |
| 740 4# - PUNTO DE ACCESO ADICIONAL - TÍTULO RELACIONADO O ANALÍTICO NO CONTROLADO |
| Título relacionado o analítico no controlado |
Les Cultures pedagògiques de la comunicació |
| 740 4# - PUNTO DE ACCESO ADICIONAL - TÍTULO RELACIONADO O ANALÍTICO NO CONTROLADO |
| Título relacionado o analítico no controlado |
Los Trabajos del Naos nº 12 |
| 740 0# - PUNTO DE ACCESO ADICIONAL - TÍTULO RELACIONADO O ANALÍTICO NO CONTROLADO |
| Título relacionado o analítico no controlado |
Works of Naos nº 12 |
| 907 ## - ELEMENTO G DATOS LOCALES, GDL (RLIN) |
| a |
.b52451719 |
| b |
17-02-21 |
| c |
05-03-12 |
| d |
05-03-12 |
| e |
m |
| f |
a |
| g |
- |
| h |
cat |
| i |
spc |
| j |
0 |
| k |
0 |
| 908 ## - CONTROL DE PARÁMETROS (RLIN) |
| Parametro de comando lanzado |
BC |
| 940 ## - |
| T&íacute;tulo uniforme |
<a href="BC">BC</a> |
| 942 ## - ENTRADA DE ELEMENTOS AGREGADOS (KOHA) |
| Fuente de clasificaión o esquema |
|
| Koha [por defecto] tipo de item |
Materials audiovisuals |